Southville International School and Colleges
Your cart is empty.
  • Cart
  • Lists
    Public lists Eva Luna New books Lux_list list_1
    Your lists Log in to create your own lists
  • Log in to your account
  • Your cookies
  • Search history
Southville International School and Colleges
  • Advanced search
  • Recent comments
  • Most popular
  • Libraries

Log in to your account

Log in with GOOGLE


If you do not have an external account, but do have a local account, you can still log in:

  1. Home
  2. MARC view: It's the great pumpkin, Charlie Brown /
Normal view MARC view ISBD view

It's the great pumpkin, Charlie Brown / (Record no. 105096)

[ view plain ]
MARC details
000 -LEADER
fixed length control field 00511nam a2200181 a 4500
005 - DATE AND TIME OF LATEST TRANSACTION
control field 20140412111339.0
008 - FIXED-LENGTH DATA ELEMENTS--GENERAL INFORMATION
fixed length control field 031107s19uu xx 00 eng d
020 ## - INTERNATIONAL STANDARD BOOK NUMBER
International Standard Book Number 0-689-84607-X
050 ## - LIBRARY OF CONGRESS CALL NUMBER
Classification number ER
Item number It1 2001
245 ## - TITLE STATEMENT
Title It's the great pumpkin, Charlie Brown /
Statement of responsibility, etc by Charles M. Schulz.
260 ## - PUBLICATION, DISTRIBUTION, ETC. (IMPRINT)
Place of publication, distribution, etc New York :
Name of publisher, distributor, etc Little Simon,
Date of publication, distribution, etc 2001.
300 ## - PHYSICAL DESCRIPTION
Extent [28] p. ; ill.
440 ## - SERIES STATEMENT/ADDED ENTRY--TITLE
Title Peanuts
500 ## - GENERAL NOTE
General note 35th Anniversary Edition
650 ## - SUBJECT ADDED ENTRY--TOPICAL TERM
Topical term or geographic name as entry element Pumpkins--Fiction
650 ## - SUBJECT ADDED ENTRY--TOPICAL TERM
Topical term or geographic name as entry element Children stories
Holdings
Withdrawn status Lost status Damaged status Use restrictions Home library Current library Shelving location Date acquired Source of acquisition Cost, normal purchase price Total Checkouts Full call number Barcode Date last seen Price effective from Koha item type
        Elizalde Library Elizalde Library Easy Reading Section 11/07/2003   100.00   ER It1 2001 E9405 04/12/2014 04/12/2014 Books

It's the great pumpkin, Charlie Brown /

APA

(2001). It's the great pumpkin, Charlie Brown. New York: Little Simon.

Chicago

2001. It's the great pumpkin, Charlie Brown. New York: Little Simon.

Harvard

(2001). It's the great pumpkin, Charlie Brown. New York: Little Simon.

MLA

It's the great pumpkin, Charlie Brown. New York: Little Simon. 2001.

  • Place hold
  • Print
  • Cite
  • Add to your cart (remove)
  • Save record
    BIBTEX Dublin Core MARCXML MARC (non-Unicode/MARC-8) MARC (Unicode/UTF-8) MARC (Unicode/UTF-8, Standard) MODS (XML) RIS
  • More searches
    Search for this title in:
    Other Libraries (WorldCat) Other Databases (Google Scholar) Online Stores (Bookfinder.com) Open Library (openlibrary.org)

Exporting to Dublin Core...

SOUTHVILLE LIBRARY

Southville International School and Colleges Library

1281 Tropical Ave. Cor. Luxembourg St., BF Homes International, Las Pinas City

Tel. No. 8256374 / 252358 Loc. 117/146

Powered by Koha